Statistics for Tegan and Sara Discography

Click here to take the quiz!

General Stats

  • This quiz has been taken 4 times
  • The average score is 19 of 93

Answer Stats

HintAnswer% Correct
HeartthrobCloser
100%
So JealousSo Jealous
100%
The ConThe Con
100%
The ConBack In Your Head
75%
Love You To DeathBoyfriend
75%
The ConI Was Married
75%
If It Was YouMonday Monday Monday
75%
The ConNineteen
75%
SainthoodAlligator
50%
SainthoodArrow
50%
The ConCall It Off
50%
The ConDark Come Soon
50%
The ConFloorplan
50%
SainthoodHell
50%
The ConHop A Plane
50%
HeartthrobI Was a Fool
50%
SainthoodNorthshore
50%
SainthoodRed Belt
50%
So JealousWalking With a Ghost
50%
So JealousWhere Does the Good Go
50%
The ConBurn Your Life Down
25%
Love You To DeathBWU
25%
If It Was YouCity Girl
25%
Under Feet Like OursCome On
25%
HeartthrobGoodbye, Goodbye
25%
Love You To DeathHang on to the Night
25%
HeartthrobHow Come You Don't Want Me
25%
So JealousI Bet It Stung
25%
So JealousI Can't Take It
25%
HeartthrobI Couldn't Be Your Friend
25%
HeartthrobI'm Not Your Hero
25%
HeartthrobLove They Say
25%
This Business Of ArtMy Number
25%
If It Was YouNot Tonight
25%
HeartthrobNow I'm All Messed Up
25%
The ConSoil, Soil
25%
SainthoodSomeday
25%
Love You To DeathStop Desire
25%
If It Was YouTerrible Storm
25%
SainthoodThe Cure
25%
This Business Of ArtThe First
25%
SainthoodThe Ocean
25%
Under Feet Like OursThis Is Everything
25%
If It Was YouUnderwater
25%
Love You To DeathU-turn
25%
So JealousYou Wouldn't Like Me
25%
Love You To Death100x
0%
This Business Of ArtAll You Got
0%
If It Was YouAnd Darling (This Thing That Breaks My Heart)
0%
The ConAre You Ten Years Ago
0%
Under Feet Like OursBye!!
0%
Under Feet Like OursClever Meals
0%
Under Feet Like OursDivided
0%
If It Was YouDon't Confess
0%
SainthoodDon't Rush
0%
So JealousDowntown
0%
HeartthrobDrove Me Wild
0%
Love You To DeathDying to Know
0%
Love You To DeathFaint of Heart
0%
So JealousFix You Up
0%
Under Feet Like OursFreedom
0%
This Business Of ArtFrozen
0%
HeartthrobGuilty As Charged
0%
Under Feet Like OursHeavy
0%
Under Feet Like OursHype
0%
If It Was YouI Hear Noises
0%
So JealousI Know I Know I Know
0%
HeartthrobI Run Empty
0%
So JealousI Won't Be Left
0%
The ConKnife Going In
0%
The ConLike O, Like H
0%
If It Was YouLiving Room
0%
Under Feet Like OursMore For Me
0%
SainthoodNight Watch
0%
This Business Of ArtNot With You
0%
SainthoodOn Directing
0%
Under Feet Like OursOur Trees
0%
SainthoodPaperback Head
0%
Under Feet Like OursProud
0%
The ConRelief Next To Me
0%
SainthoodSentimental Tune
0%
HeartthrobShock To Your System
0%
So JealousSpeak Slow
0%
Under Feet Like OursSuperstar
0%
So JealousTake Me Anywhere
0%
Love You To DeathThat Girl
0%
If It Was YouTime Running
0%
So JealousWake Up Exhausted
0%
If It Was YouWant To Be Bad
0%
So JealousWe Didn't Do It
0%
Under Feet Like OursWelcome Home
0%
Love You To DeathWhite Knuckles
0%
If It Was YouYou Went Away
0%

Score Distribution

Percentile by Number Answered

Percent of People with Each Score

Your Score History

You have not taken this quiz